Género y reforma: obtención de datos correctos de forma apropiada /
שמור ב:
| מחבר ראשי: | |
|---|---|
| מחברים אחרים: | , |
| פורמט: | Texto |
| נושאים: | |
| תגים: |
הוספת תג
אין תגיות, היה/י הראשונ/ה לתייג את הרשומה!
|
MARC
| LEADER | 00000 a a2200000 04500 | ||
|---|---|---|---|
| 001 | 9702 | ||
| 003 | |||
| 040 | |||
| 100 | |a Dakkak, Henia | ||
| 245 | |a Género y reforma: |b obtención de datos correctos de forma apropiada / |c Henia Dakkak ; Lisa Eklund ; Siri Tellier | ||
| 650 | |a GENERO | ||
| 650 | |a DERECHOS HUMANOS | ||
| 650 | |a REFUGIADOS | ||
| 700 | |a Eklund, Lisa | ||
| 700 | |a Tellier, Siri | ||
| 773 | |g número 29; páginas 42-44 | ||
| 999 | |c 31926 |d 31926 | ||
| 773 | 0 | |0 19267 |9 6778 |a Centro de Estudios sobre Refugiados |d Universidad de Oxford ; Centro de Estudios sobre Refugiados |o 04545 |t Migraciones Forzadas: |x 14609819 | |
